| 000 | 00892nam a22002297a 4500 | ||
|---|---|---|---|
| 008 | 090309t xxu||||| |||| 00| 0 eng d | ||
| 010 | _aB-315689 | ||
| 020 |
_a97881904589 _c225.00 |
||
| 035 | _aB-315689 | ||
| 037 | _bR.P/CL/Eng/E:12/20.1.09/24.1.09/29.1.09/31.1.09 | ||
| 040 |
_aDPL _bEnglish |
||
| 082 | _a486-SIN | ||
| 100 | _aSingh,Chetananand | ||
| 245 |
_aEnglish is Easy _cby Chetananand Singh |
||
| 260 |
_aDelhi _bBSC Publishing Co _c2007 |
||
| 270 | _aC-37 Ganesh Nagar Pandav nagar | ||
| 300 |
_axii. 764 _c21cm(pbk) |
||
| 366 | _b2007http://59.176.17.111:8093/cgi-bin/koha/cataloguing/addbiblio.pl?frameworkcode=BKS# | ||
| 942 |
_2ddc _cEN _k486 _mSIN |
||
| 999 |
_c25026 _d25026 |
||